Filosofía de la ilustración
Saved in:
| Main Author: | |
|---|---|
| Format: | Book |
| Language: | Spanish |
| Published: |
Bogotá
Fondo de Cultura Económica
1994
|
| Series: | Sección de Obras de Filosofía
|
| Subjects: | |
| Tags: |
Add Tag
No Tags, Be the first to tag this record!
|
MARC
| LEADER | 00000nam a2200000 a 4500 | ||
|---|---|---|---|
| 001 | UCU0835 | ||
| 003 | CL-VaPUC | ||
| 008 | 960329e19940000CK |||||||||||||||||spa|d | ||
| 082 | 0 | 4 | |a 190 |b CAS |2 21 |
| 100 | 0 | |a Cassirer, Ernst |e author |9 391 | |
| 245 | 1 | 0 | |a Filosofía de la ilustración |
| 300 | |a 405 p | ||
| 942 | |c BK | ||
| 945 | |d 19960329 00:00:00 |a mcarcey | ||
| 260 | |a Bogotá |b Fondo de Cultura Económica |c 1994 | ||
| 650 | 0 | |a Filosofía |9 223554 | |
| 650 | 7 | |a DERECHO |2 CL-VaPUC |9 356262 | |
| 650 | 0 | |a Estado |9 255503 | |
| 650 | 0 | |a Sociedad |9 307903 | |
| 650 | 0 | |a Estética |9 264950 | |
| 650 | 0 | |a Teoría del conocimiento |9 255038 | |
| 583 | |a last modification |c 19960329 00:00:00 |k Rodrigo Vera | ||
| 490 | 0 | |a Sección de Obras de Filosofía | |
| 999 | |c 245621 |d 245619 | ||
| 952 | |0 0 |1 0 |4 0 |6 190_000000000000000_CAS_1994 |7 0 |8 A |9 260189 |a BIBHIS |b BIBHIS |d 2019-11-19 |i 3552411 |l 9 |m 3 |o 190 CAS 1994 |p 3552411 |r 2025-01-20 |s 2023-11-06 |w 2019-11-19 |y BK |k HIS | ||